000 00310nam a22001457a 4500
003 OSt
020 _aNA
040 _c0
082 _222
_a302.22
100 _aCBS.
245 _aMedia and Public culture /
260 _bCenter for Bhutan studies,
_cc 2007.
300 _a531p, ;
_bNA
_c24 cm.
942 _2ddc
_cRE
999 _c4623
_d4623